| 000 | 00399 a2200133 4500 | ||
|---|---|---|---|
| 001 | 91763 | ||
| 082 | _a343.01 PAF | ||
| 090 |
_c43877 _d43876 |
||
| 100 | _aPakistan Air Force | ||
| 245 |
_aManual of Pakistan Air Force Law, 1995 _nEnglish |
||
| 260 |
_aIslamabad _bMinistry of Defence, Govt of Pakistan _c1995 |
||
| 300 |
_axiii, 1108 _bHb |
||
| 610 |
_aAFM 110-1 _bPAF Law Manual _xLaw Manual of PAF |
||
| 942 |
_aCAE NUST _k343.01 PAF |
||
| 999 |
_c326836 _d326836 |
||